[Event "TUR-ch U13/18 Girls"]
[Site "Antalya"]
[Date "2023.01.22"]
[Round "1"]
[White "Sozat, Beren"]
[Black "Alagoz, Zumra Meryem"]
[Result "0-1"]
[WhiteElo "1152"]
[BlackElo "1816"]
[PlyCount "106"]
[EventDate "2023.01.17"]
[EventType "swiss"]
[EventRounds "9"]
[EventCountry "TUR"]
[SourceTitle "EXT 2024"]
[Source "ChessBase"]
[SourceDate "2023.10.10"]
[SourceVersion "1"]
[SourceVersionDate "2023.10.10"]
[SourceQuality "1"]

1. e4 c5 2. d4 cxd4 3. c3 dxc3 4. Nxc3 Nc6 5. Nf3 d6 6. Bc4 Nf6 7. h3 g6 8. 0-0 Bg7 9. Bg5 h6 10. Bh4 0-0 11. Re1 Nh5 12. Qc1 Kh7 13. Nd5 Be6 14. Rb1 Rc8 15. Qd2 Re8 16. Bb5 a6 17. Bxc6 bxc6 18. Nc3 Qb6 19. Kh1 Nf6 20. e5 dxe5 21. Nxe5 Nd5 22. Nxd5 cxd5 23. b3 Qb7 24. Bg3 Red8 25. Rbc1 Rxc1 26. Rxc1 d4 27. Nf3 Rd7 28. Kh2 Qd5 29. Rd1 d3 30. Qe3 Bf5 31. Be5 f6 32. Bb2 h5 33. Nd2 Bh6 34. Qb6 Rd6 35. Qb4 Re6 36. Nf3 Re2 37. Bd4 Bf4+ 38. Kg1 Bd6 39. Qc3 Rc2 40. Qa1 e5 41. Be3 e4 42. Nd4 Be5 43. a4 Rc7 44. b4 Rd7 45. b5 Bxd4 46. Bxd4 Qxd4 47. Qxd4 Rxd4 48. bxa6 Rxa4 49. Kf1 Rxa6 50. Ke1 Ra2 51. h4 e3 52. fxe3 Rxg2 53. Kf1 Bh3 0-1

[Event "EU-ch U16 Girls 30th"]
[Site "Antalya"]
[Date "2022.11.13"]
[Round "8"]
[White "Blokhin, Sofia"]
[Black "Alagoz, Zumra Meryem"]
[Result "1-0"]
[WhiteElo "2098"]
[BlackElo "1658"]
[PlyCount "93"]
[EventDate "2022.11.06"]
[EventType "swiss"]
[EventRounds "9"]
[EventCountry "TUR"]
[SourceTitle "CBM 211 Extra"]
[Source "ChessBase"]
[SourceDate "2023.01.31"]
[SourceVersion "1"]
[SourceVersionDate "2023.01.31"]
[SourceQuality "1"]

1. e4 e5 2. Nc3 Nc6 3. Bc4 Nf6 4. d3 Bb4 5. Bg5 d6 6. h3 Be6 7. Nge2 h6 8. Bxe6 fxe6 9. Bd2 Qd7 10. 0-0 g5 11. Ng3 Qf7 12. a3 Bc5 13. Na4 Bb6 14. Nxb6 axb6 15. c3 0-0-0 16. b4 Rdg8 17. a4 h5 18. f3 Rg6 19. a5 g4 20. h4 gxf3 21. Qxf3 Qg8 22. Bg5 Nh7 23. axb6 Nxg5 24. hxg5 cxb6 25. Ra8+ Nb8 26. Nxh5 Rxg5 27. Nf6 Qg7 28. d4 Rf8 29. Rxb8+ Kxb8 30. Nd7+ Kc7 31. Nxf8 Qe7 32. Qf6 Qxf6 33. Rxf6 Rg4 34. Nxe6+ Kd7 35. d5 Ke7 36. Rh6 Rxe4 37. Rh7+ Kf6 38. Rxb7 Re3 39. Rxb6 Rxc3 40. Rxd6 e4 41. Rc6 Ra3 42. Nc5+ Kf5 43. Re6 e3 44. d6 Kf4 45. d7 Ra1+ 46. Kh2 Rd1 47. Re4+ 1-0

[Event "EU-ch U16 Girls 30th"]
[Site "Antalya"]
[Date "2022.11.11"]
[Round "6"]
[White "Ciftci, Zeynep"]
[Black "Alagoz, Zumra Meryem"]
[Result "0-1"]
[WhiteElo "1970"]
[BlackElo "1658"]
[PlyCount "58"]
[EventDate "2022.11.06"]
[EventType "swiss"]
[EventRounds "9"]
[EventCountry "TUR"]
[SourceTitle "CBM 211 Extra"]
[Source "ChessBase"]
[SourceDate "2023.01.31"]
[SourceVersion "1"]
[SourceVersionDate "2023.01.31"]
[SourceQuality "1"]

1. d4 b6 2. Nf3 Bb7 3. g3 Nf6 4. Bg2 d5 5. 0-0 e6 6. b3 c5 7. Ne5 cxd4 8. Qxd4 Nbd7 9. Qa4 Qc7 10. Nxd7 Nxd7 11. Na3 a6 12. b4 Be7 13. c4 dxc4 14. Bf4 Qc8 15. Rfd1 Bxg2 16. Kxg2 b5 17. Qc2 Qc6+ 18. Kg1 Bxb4 19. Qb2 Be7 20. e4 0-0 21. Nc2 Nc5 22. e5 Nd3 23. Qc3 Rfd8 24. a3 Qe4 25. Be3 Nxe5 26. Nd4 Bf6 27. Qa5 Nd3 28. Nxb5 axb5 29. Qxb5 Qe5 0-1

[Event "EU-ch U16 Girls 30th"]
[Site "Antalya"]
[Date "2022.11.08"]
[Round "3"]
[White "Barwinska, Ewa"]
[Black "Alagoz, Zumra Meryem"]
[Result "0-1"]
[WhiteElo "1989"]
[BlackElo "1658"]
[PlyCount "60"]
[EventDate "2022.11.06"]
[EventType "swiss"]
[EventRounds "9"]
[EventCountry "TUR"]
[SourceTitle "EXT 2024"]
[Source "ChessBase"]
[SourceDate "2023.10.10"]
[SourceVersion "1"]
[SourceVersionDate "2023.10.10"]
[SourceQuality "1"]

1. e4 c5 2. Nf3 Nc6 3. d4 cxd4 4. Nxd4 g6 5. c4 Bg7 6. Be3 Nf6 7. Nc3 0-0 8. Be2 b6 9. 0-0 Bb7 10. f3 Qc7 11. Rc1 Nxd4 12. Bxd4 d6 13. Qd2 Rac8 14. b4 Rfd8 15. a4 e6 16. Nb5 Qb8 17. a5 a6 18. Bxb6 axb5 19. Bxd8 Rxd8 20. cxb5 d5 21. e5 Ne8 22. f4 f6 23. b6 fxe5 24. fxe5 Bxe5 25. Qg5 Rc8 26. Rxc8 Qxc8 27. h4 Kg7 28. h5 Nf6 29. h6+ Kf7 30. Qd2 Ba6 0-1

[Event "EU-ch U16 Girls 30th"]
[Site "Antalya"]
[Date "2022.11.06"]
[Round "1"]
[White "Cornileau, Juliette"]
[Black "Alagoz, Zumra Meryem"]
[Result "0-1"]
[WhiteElo "2016"]
[BlackElo "1658"]
[PlyCount "73"]
[EventDate "2022.11.06"]
[EventType "swiss"]
[EventRounds "9"]
[EventCountry "TUR"]
[SourceTitle "CBM 211 Extra"]
[Source "ChessBase"]
[SourceDate "2023.01.31"]
[SourceVersion "1"]
[SourceVersionDate "2023.01.31"]
[SourceQuality "1"]

1. d4 d5 2. c4 e6 3. Nc3 c6 4. Nf3 dxc4 5. a4 Bb4 6. e3 b5 7. Bd2 a5 8. axb5 Bxc3 9. Bxc3 cxb5 10. b3 Bb7 11. bxc4 b4 12. Bd2 Nf6 13. Bd3 Nc6 14. 0-0 0-0 15. Qc2 Qd7 16. Rfd1 a4 17. Qb2 Rfb8 18. Be1 a3 19. Qb1 Na5 20. Ne5 Qa4 21. Qxb4 Nb3 22. Qxa4 Rxa4 23. Ra2 Be4 24. Nd7 Bxd3 25. Nxb8 Bxc4 26. f3 Ra8 27. Rc2 Rxb8 28. Rxc4 Nd5 29. Kf2 a2 30. Ra4 a1Q 31. Rdxa1 Nxa1 32. Rxa1 f6 33. Ra2 Nb4 34. Bxb4 Rxb4 35. Ke2 Kf7 36. Rc2 Rb6 37. e4 0-1

[Event "World ol U16"]
[Site "Nakhchivan"]
[Date "2022.10.05"]
[Round "4.7"]
[White "Alagoz, Zumra Meryem"]
[Black "Thamil Manni, Swetha"]
[Result "1-0"]
[WhiteElo "1830"]
[BlackElo "1428"]
[PlyCount "115"]
[EventDate "2022.10.02"]
[EventType "team-swiss"]
[EventRounds "9"]
[EventCountry "AZE"]
[SourceTitle "CBM 210 Extra"]
[Source "ChessBase"]
[SourceDate "2022.11.30"]
[SourceVersion "1"]
[SourceVersionDate "2022.11.30"]
[SourceQuality "1"]
[WhiteTeam "Turkey White"]
[BlackTeam "Malaysia"]
[WhiteTeamCountry "TUR"]
[BlackTeamCountry "MAS"]

1. Nf3 d5 2. b3 c5 3. Bb2 Nc6 4. e3 a6 5. Be2 Bf5 6. 0-0 e6 7. a3 Nf6 8. d4 Rc8 9. c4 dxc4 10. bxc4 Qb6 11. Ra2 Rd8 12. Qa4 Be7 13. Nc3 0-0 14. d5 Na5 15. Nh4 Nb3 16. Nxf5 exf5 17. Rd1 Na5 18. Bd3 g6 19. Ne2 Qc7 20. d6 Bxd6 21. Bxf6 Bxh2+ 22. Kh1 Rd6 23. Bc3 b6 24. g3 Qb7+ 25. Kxh2 Qf3 26. Ng1 Qh5+ 27. Kg2 b5 28. Be2 bxa4 29. Bxh5 Nxc4 30. Rxd6 Nxd6 31. Be2 Nb5 32. Bf6 Rc8 33. Bd1 Rc6 34. Ba1 c4 35. Bxa4 c3 36. Ne2 Rc7 37. Bxb5 axb5 38. Nxc3 Rd7 39. Nxb5 h5 40. a4 Rb7 41. Rc2 Kf8 42. Bf6 Rb8 43. a5 Ke8 44. Rd2 Kf8 45. a6 Kg8 46. a7 Ra8 47. Rd8+ Rxd8 48. Bxd8 f4 49. a8Q f3+ 50. Kxf3 Kg7 51. Qa1+ Kg8 52. Bf6 Kh7 53. Qa8 g5 54. Qh8+ Kg6 55. e4 g4+ 56. Kf4 h4 57. Qg7+ Kh5 58. Qg5# 1-0

[Event "EU-chT U12 Girls"]
[Site "Pardubice"]
[Date "2019.07.16"]
[Round "6.2"]
[White "Alagoz, Zumra Meryem"]
[Black "Karaivanova, Petya F"]
[Result "1-0"]
[WhiteElo "1310"]
[BlackElo "1792"]
[PlyCount "201"]
[EventDate "2019.07.11"]
[EventType "team-tourn"]
[EventRounds "7"]
[EventCountry "CZE"]
[SourceTitle "EXT 2020"]
[Source "ChessBase"]
[SourceDate "2019.10.17"]
[SourceVersion "1"]
[SourceVersionDate "2019.10.17"]
[SourceQuality "1"]
[WhiteTeam "Turkey U12 Girls"]
[BlackTeam "Pleven U12 Girls"]
[WhiteTeamCountry "TUR"]
[BlackTeamCountry "BUL"]

1. e4 e5 2. Nf3 Nc6 3. Bc4 Nf6 4. d3 Bc5 5. 0-0 d6 6. c3 0-0 7. h3 a6 8. Bb3 Bd7 9. Re1 b5 10. Nbd2 Bb6 11. Nf1 h6 12. Be3 Bxe3 13. fxe3 Na5 14. Bc2 c5 15. Ng3 Re8 16. Rf1 Rc8 17. Nd2 Nh7 18. Nf5 Bxf5 19. Rxf5 Nf8 20. Qf3 Ne6 21. Qf2 Rf8 22. Rf1 Qe7 23. Bd1 Nc6 24. Bb3 a5 25. Bd5 Ncd8 26. Qg3 Nc7 27. Bb3 a4 28. Bd1 Nc6 29. Nf3 Qe6 30. a3 Ne7 31. Rh5 f5 32. Nh4 fxe4 33. dxe4 Rxf1+ 34. Kxf1 Qc4+ 35. Kg1 Qxe4 36. Rxh6 Qb1 37. Rxd6 Ncd5 38. Qg4 Nxe3 39. Qe6+ Kh7 40. Qxe7 Nxd1 41. Kh2 Ne3 42. Qxe5 Qe1 43. Qe4+ Kg8 44. Qe6+ Kh7 45. Qe4+ Kg8 46. Qe6+ Kh7 47. Nf3 Nf1+ 48. Kg1 Qxe6 49. Rxe6 Ng3 50. Ng5+ Kg8 51. Rb6 Ne2+ 52. Kf2 Nc1 53. Rxb5 Nb3 54. Ne4 Rf8+ 55. Ke3 Re8 56. Kf3 Re5 57. Kf4 Rd5 58. Rb8+ Kf7 59. Ra8 Nc1 60. Rxa4 Nd3+ 61. Ke3 Nxb2 62. Ra7+ Kg6 63. a4 Nc4+ 64. Kf3 Rd3+ 65. Kf4 Rd5 66. Ra6+ Kf7 67. Rc6 Nb2 68. a5 Nd3+ 69. Ke3 Ne5 70. Rc7+ Kg6 71. a6 Nc4+ 72. Kf3 Rf5+ 73. Kg3 Ne3 74. Kh2 Nf1+ 75. Kg1 Ne3 76. a7 Rf8 77. Nxc5 Nd5 78. Rc6+ Kh5 79. Nd7 Ra8 80. Ra6 Nc7 81. Ra5+ Kh6 82. Nb6 Rd8 83. a8Q Nxa8 84. Rxa8 Rd3 85. c4 Rb3 86. c5 Rb5 87. Rc8 Kg6 88. Nc4 Rb1+ 89. Kh2 Rc1 90. Nd6 Kf6 91. Ne8+ Kf7 92. c6 g5 93. c7 Rc6 94. Rd8 Kg6 95. Rd6+ Rxd6 96. Nxd6 Kh5 97. c8Q Kg6 98. Qf5+ Kh6 99. Qf6+ Kh7 100. Nf5 g4 101. Qg7# 1-0